[Event "RUS-ch Rapid Men 2018"]
[Site "Sochi"]
[Date "2018.10.05"]
[Round "4"]
[White "Dzhumagaliev, Yan"]
[Black "Kretov, Evgenij"]
[Result "1-0"]
[WhiteElo "2410"]
[BlackElo "2219"]
[Annotator "NA RC"]
[PlyCount "153"]
[EventDate "2018.10.05"]
[EventType "swiss"]
[EventCountry "RUS"]
[SourceTitle "playchess.com"]
[Source "ChessBase"]
[SourceQuality "1"]
[TimeControl "900+10"]

1. d4 {[%emt 0:00:00]} Nf6 {[%emt 0:00:00]} 2. Nf3 {[%emt 0:00:00]} e6 {[%emt 0:00:00]} 3. c4 {[%emt 0:00:00]} d5 {[%emt 0:00:01]} 4. g3 {[%emt 0:00:00]} Bb4+ {[%emt 0:00:02]} 5. Bd2 {[%emt 0:00:06]} Be7 {[%emt 0:00:02]} 6. Bg2 {[%emt 0:00:08]} O-O {[%emt 0:00:03]} 7. O-O {[%emt 0:00:17]} c6 {[%emt 0:00:04]} 8. Qc2 {[%emt 0:00:05]} Nbd7 {[%emt 0:00:06]} 9. b3 {[%emt 0:00:19]} b6 {[%emt 0:00:03]} 10. a4 {[%emt 0:00:01]} a5 {[%emt 0:00:24]} 11. Rd1 {[%emt 0:00:18]} Ba6 {[%emt 0:00:05]} 12. Bf4 {[%emt 0:01:12]} Rc8 {[%emt 0:00:33]} 13. Nc3 {[%emt 0:02:10]} Nh5 {[%emt 0:01:37]} 14. Bc1 {[%emt 0:00:30]} f5 {[%emt 0:00:11]} 15. e3 {[%emt 0:01:15]} Nhf6 {[%emt 0:02:21]} 16. Ng5 {[%emt 0:00:02]} Qe8 {[%emt 0:02:14]} 17. Nxe6 {[%emt 0:00:02]} Rf7 {[%emt 0:00:02]} 18. Ng5 {[%emt 0:00:03]} Rf8 {[%emt 0:00:05]} 19. Qxf5 {[%emt 0:00:09]} Bb4 {[%emt 0:00:35]} 20. Bb2 {[%emt 0:00:38]} h6 {[%emt 0:02:27]} 21. Qe6+ {[%emt 0:01:46]} Qxe6 {[%emt 0:01:32]} 22. Nxe6 {[%emt 0:00:01]} Rfe8 {[%emt 0:00:02]} 23. Nf4 {[%emt 0:00:26]} dxc4 {[%emt 0:00:12]} 24. bxc4 {[%emt 0:02:40]} Bxc4 {[%emt 0:00:17]} 25. d5 {[%emt 0:00:28]} Bxc3 {[%emt 0:03:22]} 26. Bxc3 {[%emt 0:00:01]} cxd5 {[%emt 0:00:08]} 27. Bxf6 {[%emt 0:00:25]} Nxf6 {[%emt 0:00:02]} 28. Rab1 {[%emt 0:00:01]} Ne4 {[%emt 0:01:03]} 29. Rxb6 {[%emt 0:02:35]} Nc3 {[%emt 0:00:10]} 30. Ra1 {[%emt 0:01:05]} Rb8 {[%emt 0:00:57]} 31. Rd6 {[%emt 0:00:06]} Red8 {[%emt 0:00:13]} 32. Rxd8+ {[%emt 0:00:35]} Rxd8 {[%emt 0:00:01]} 33. Rc1 {[%emt 0:01:01]} d4 {[%emt 0:01:05]} 34. exd4 {[%emt 0:00:11]} Rxd4 {[%emt 0:00:01]} 35. Bf3 {[%emt 0:00:39]} Ne4 {[%emt 0:00:20]} 36. Re1 {[%emt 0:00:29]} Nd2 {[%emt 0:00:06]} 37. Re8+ {[%emt 0:00:08]} Kf7 {[%emt 0:00:02]} 38. Bh5+ {[%emt 0:00:01]} Kf6 {[%emt 0:00:02]} 39. h4 {[%emt 0:00:23]} g5 {[%emt 0:00:17]} 40. hxg5+ {[%emt 0:00:01]} hxg5 41. Ng2 {[%emt 0:00:18]} Be6 {[%emt 0:00:15]} 42. Bd1 {[%emt 0:00:48]} Ne4 {[%emt 0:00:15]} 43. Ne3 {[%emt 0:00:01]} Nc3 {[%emt 0:00:07]} 44. Bc2 {[%emt 0:00:14]} Nxa4 {[%emt 0:00:06]} 45. Ra8 {[%emt 0:00:09]} Nb6 {[%emt 0:00:13]} 46. Rxa5 {[%emt 0:00:03]} Nc4 {[%emt 0:00:01]} 47. Nxc4 {[%emt 0:00:15]} Rxc4 {[%emt 0:00:01]} 48. Bd3 {[%emt 0:00:16]} Rd4 {[%emt 0:00:01]} 49. Be2 {[%emt 0:00:06]} Rd2 {[%emt 0:00:25]} 50. Bf3 {[%emt 0:00:22]} Rb2 {[%emt 0:00:15]} 51. Kg2 {[%emt 0:00:06]} Rd2 {[%emt 0:00:03]} 52. Ra6 {[%emt 0:00:06]} Ke5 {[%emt 0:00:03]} 53. Ra5+ {[%emt 0:00:14]} Kf6 {[%emt 0:00:01]} 54. Be4 {[%emt 0:00:04]} Rb2 {[%emt 0:00:13]} 55. Ra3 {[%emt 0:00:27]} Rd2 {[%emt 0:00:26]} 56. Kf3 {[%emt 0:00:11]} Rb2 {[%emt 0:00:03]} 57. Ra6 {[%emt 0:00:11]} Ke5 {[%emt 0:00:05]} 58. Ra5+ {[%emt 0:00:00]} Kf6 {[%emt 0:00:01]} 59. Bd3 {[%emt 0:00:21]} Rd2 {[%emt 0:00:09]} 60. Ke3 {[%emt 0:00:01]} Rb2 {[%emt 0:00:02]} 61. f4 {[%emt 0:00:01]} gxf4+ {[%emt 0:00:02]} 62. gxf4 {[%emt 0:00:01]} Rb4 {[%emt 0:00:07]} 63. Ra6 {[%emt 0:00:03]} Ke7 {[%emt 0:00:09]} 64. Rc6 {[%emt 0:00:24]} Bd7 {[%emt 0:01:10]} 65. Rh6 {[%emt 0:00:10]} Be6 {[%emt 0:00:02]} 66. f5 {[%emt 0:00:14]} Bc4 {[%emt 0:00:18]} 67. Be4 {[%emt 0:00:03]} Kf7 {[%emt 0:00:11]} 68. Rd6 {[%emt 0:00:09]} Ke7 {[%emt 0:00:06]} 69. Rd4 {[%emt 0:00:05]} Rb3+ {[%emt 0:00:01]} 70. Kf4 {[%emt 0:00:00]} Bf7 {[%emt 0:00:05]} 71. Ra4 {[%emt 0:00:04]} Rc3 {[%emt 0:00:17]} 72. Ra7+ {[%emt 0:00:06]} Kf6 {[%emt 0:00:01]} 73. Ra6+ {[%emt 0:00:01]} Kg7 {[%emt 0:00:45]} 74. f6+ {[%emt 0:00:01]} Kh6 {[%emt 0:00:01]} 75. Ra7 {[%emt 0:00:01]} Bg6 {[%emt 0:00:01]} 76. f7 {[%emt 0:00:00]} Rc8 {[%emt 0:00:01]} 77. Ra6 {[%emt 0:00:01]} 1-0

[Event "RUS-ch Rapid Men 2018"]
[Site "Sochi"]
[Date "2018.10.05"]
[Round "4"]
[White "Yashmetov, Mikhail"]
[Black "Sychev, Klementy"]
[Result "0-1"]
[WhiteElo "2394"]
[BlackElo "2534"]
[Annotator "ChessBase"]
[PlyCount "76"]
[EventDate "2018.10.05"]
[EventType "swiss"]
[EventCountry "RUS"]
[SourceTitle "playchess.com"]
[Source "ChessBase"]
[SourceQuality "1"]
[TimeControl "900+10"]

1. Nf3 {[%emt 0:00:00]} Nf6 {[%emt 0:00:00]} 2. g3 {[%emt 0:00:00]} d5 {[%emt 0:00:04]} 3. Bg2 {[%emt 0:00:00]} g6 {[%emt 0:00:01]} 4. O-O {[%emt 0:00:00]} Bg7 {[%emt 0:00:01]} 5. d4 {[%emt 0:00:00]} c6 {[%emt 0:00:39]} 6. c4 {[%emt 0:00:04]} dxc4 {[%emt 0:00:02]} 7. Ne5 {[%emt 0:00:24]} Ng4 {[%emt 0:00:03]} 8. Nxc4 {[%emt 0:00:03]} Qxd4 {[%emt 0:00:09]} 9. Qc2 {[%emt 0:00:15]} O-O {[%emt 0:00:19]} 10. h3 {[%emt 0:00:07]} Ne5 {[%emt 0:00:07]} 11. Nxe5 {[%emt 0:00:04]} Qxe5 {[%emt 0:00:04]} 12. Nc3 {[%emt 0:00:04]} Na6 {[%emt 0:00:10]} 13. Bf4 {[%emt 0:00:12]} Qc5 {[%emt 0:00:36]} 14. Qb3 {[%emt 0:00:22]} Qb4 {[%emt 0:00:16]} 15. Qxb4 {[%emt 0:00:58]} Nxb4 {[%emt 0:00:02]} 16. a3 {[%emt 0:00:01]} Nc2 {[%emt 0:00:26]} 17. Rac1 {[%emt 0:00:05]} Nd4 {[%emt 0:00:02]} 18. g4 {[%emt 0:01:27]} Be6 {[%emt 0:00:05]} 19. e3 {[%emt 0:00:58]} Nb3 {[%emt 0:00:02]} 20. Rcd1 {[%emt 0:00:29]} Nc5 {[%emt 0:00:51]} 21. Ne4 {[%emt 0:01:34]} Nxe4 {[%emt 0:02:35]} 22. Bxe4 {[%emt 0:00:02]} Rfd8 {[%emt 0:01:11]} 23. b4 {[%emt 0:00:11]} Bb3 {[%emt 0:02:11]} 24. Rb1 {[%emt 0:00:49]} Ba4 {[%emt 0:01:18]} 25. Rfc1 {[%emt 0:01:37]} a6 {[%emt 0:00:53]} 26. Rc5 {[%emt 0:00:54]} Rac8 {[%emt 0:01:09]} 27. h4 {[%emt 0:01:49]} Rd1+ {[%emt 0:00:26]} 28. Rxd1 {[%emt 0:00:03]} Bxd1 {[%emt 0:00:02]} 29. g5 {[%emt 0:00:13]} Bb2 {[%emt 0:00:27]} 30. Rc4 {[%emt 0:00:51]} Rd8 {[%emt 0:00:18]} 31. Bc7 {[%emt 0:01:23]} Rd7 {[%emt 0:00:02]} 32. Bb6 {[%emt 0:00:02]} Bxa3 {[%emt 0:00:33]} 33. Bc5 {[%emt 0:00:16]} Bb2 {[%emt 0:00:24]} 34. Bg2 {[%emt 0:00:12]} Bb3 {[%emt 0:00:38]} 35. Re4 {[%emt 0:00:07]} Bd5 {[%emt 0:01:23]} 36. Rxe7 {[%emt 0:00:08]} Rxe7 {[%emt 0:00:01]} 37. Bxe7 {[%emt 0:00:03]} Bxg2 {[%emt 0:00:02]} 38. Kxg2 {[%emt 0:00:01]} Ba3 {[%emt 0:00:01]} 0-1

[Event "RUS-ch Rapid Men 2018"]
[Site "Sochi"]
[Date "2018.10.05"]
[Round "4"]
[White "Gogolev, Artem"]
[Black "Grachev, Boris"]
[Result "1/2-1/2"]
[WhiteElo "2389"]
[BlackElo "2626"]
[Annotator "TA"]
[PlyCount "163"]
[EventDate "2018.10.05"]
[EventType "swiss"]
[EventCountry "RUS"]
[SourceTitle "playchess.com"]
[Source "ChessBase"]
[SourceQuality "1"]

{[%evp 17,163,-5,16,0,0,0,18,26,16,-1,25,0,0,0,0,0,0,0,0,0,0,0,0,-2,0,0,7,0,0,0,0,0,0,0,5,11,6,5,14,5,14,18,59,9,8,8,24,8,12,0,0,0,0,0,0,0,11,9,21,22,18,0,0,0,0,0,0,0,0,0,5,0,0,0,0,-6,0,0,0,-6,0,0,0,0,0,0,0,0,0,0,0,0,0,0,0,0,0,0,0,0,0,0,0,0,0,0,0,0,0,0,0,0,0,0,0,0,0,0,0,0,0,0,0,0,0,0,0,0,0,0,0,0,0,0,0,0,0,0,0,0,0,0,0,0,0,0,0,0]} 1. Nf3 d5 2. g3 Bg4 3. Bg2 Nd7 4. d4 e6 5. O-O Ngf6 6. c4 c6 7. b3 Be7 8. Nc3 O-O 9. Bb2 h6 10. Ne1 {D11: Slav Defence: 3 Nf3 sidelines and 3...Nf6 4 e3 Bg4} Bf5 11. Nd3 Nb6 $146 ({Predecessor:} 11... Bh7 12. Rc1 Qa5 13. Na4 Rad8 14. Bc3 Qc7 15. cxd5 Nxd5 {0-1 (51) Godes,A (2395)-Guliev,S (2470) Orel 1992}) 12. c5 Nbd7 13. b4 Ne4 14. e3 a5 15. a3 $1 axb4 16. axb4 Nxc3 17. Bxc3 Rxa1 18. Bxa1 Qa8 19. Qd2 Qa6 20. Rd1 Ra8 {[#] Strongly threatening ...Bxd3.} 21. Bf1 Qa4 22. Bc3 Qb3 23. Ra1 Rxa1 24. Bxa1 Qb1 25. Bc3 Nf6 26. f3 g5 27. g4 Bh7 28. Ne5 Ne8 29. Qb2 Qd1 30. Qa1 (30. b5 {seems wilder.} Bf6 31. Qd2 Qa4 32. b6 Bd8 33. Qc1) 30... Qxa1 31. Bxa1 f6 32. Nd3 Nc7 {The position is equal.} 33. Nf2 Bc2 34. Bc3 Kf7 35. Bd3 Ba4 36. Kg2 Nb5 37. Bb2 Bd8 38. h4 Bc7 39. hxg5 hxg5 40. Nh3 Bd1 41. Kf2 Na7 42. Ng1 Ba4 43. Bc1 Bb5 44. Ke2 Bh2 45. Nh3 Bg3 46. Ng1 f5 47. Bxb5 Nxb5 $11 {[%mdl 4096] Endgame KBN-KBN} 48. Kd3 Kg6 49. Ne2 Bb8 50. Nc3 Nxc3 51. Kxc3 {KB-KB} e5 {Threatening ...e4.} 52. gxf5+ Kxf5 {[#] White must now prevent ...e4.} 53. dxe5 $1 Bxe5+ 54. Kd3 Ba1 55. Bd2 Bb2 56. Be1 Be5 57. Bd2 Bc7 58. Bc3 b5 59. cxb6 Bxb6 60. Bd4 Bc7 61. Bc5 Be5 62. Ke2 g4 63. fxg4+ Kxg4 64. Be7 Bg7 65. Bd6 Bb2 66. Be7 Be5 67. Bc5 Bc7 68. Be7 Bb6 69. Bf8 Ba7 70. Bd6 Bb6 71. Bf8 Kf5 72. Kd3 Ba7 73. Be7 Ke6 74. Bf8 Bb8 75. e4 Bg3 76. exd5+ Kxd5 77. Bc5 Bc7 78. Bf8 Bb6 79. Be7 c5 80. Bxc5 Bxc5 81. bxc5 Kxc5 82. Ke4 {Precision: White = 68%, Black = 66%.} 1/2-1/2

[Event "RUS-ch Rapid Men 2018"]
[Site "Sochi"]
[Date "2018.10.05"]
[Round "4"]
[White "Gorbatov, Alexej"]
[Black "Pogromsky, Mikhail"]
[Result "1/2-1/2"]
[WhiteElo "2389"]
[BlackElo "2415"]
[Annotator "TA"]
[PlyCount "110"]
[EventDate "2018.10.05"]
[EventType "swiss"]
[EventCountry "RUS"]
[SourceTitle "playchess.com"]
[Source "ChessBase"]
[SourceQuality "1"]

{[%evp 18,110,32,21,54,54,55,47,59,31,43,37,54,47,52,37,37,29,20,19,16,25,52,57,57,60,73,65,66,8,12,16,27,9,6,6,12,0,0,0,0,0,0,0,0,0,0,0,0,0,0,-11,-11,-14,0,-55,0,0,0,0,0,0,0,0,0,0,0,0,0,0,0,0,0,0,0,0,0,0,0,0,0,0,0,0,0,0,0,0,0,0,0,0,0,0,0]} 1. c4 b6 2. e4 Bb7 3. Nc3 c5 4. Nf3 g6 5. d4 cxd4 6. Nxd4 Bg7 7. Be3 Nc6 8. Be2 Nf6 9. Nb3 O-O 10. O-O d6 {B38: Sicilian: Maroczy Bind with 5...Bg7 and 7...0-0} 11. f3 (11. Rc1 Rc8 12. Re1 Nd7 13. Bg5 Nce5 14. Nd2 Nc5 {½-½ (14) Franco Alonso,A (2487)-Andreev,E (2498) Budapest 2013}) 11... Nd7 12. Qd2 Nc5 {White is slightly better.} 13. Rfd1 Rc8 $146 ({Predecessor:} 13... f5 14. exf5 gxf5 15. Nd4 Kh8 16. Nxc6 Bxc6 17. Nd5 {1-0 (48) Arakhamia Grant,K (2395)-Hurme,H (2255) Espoo 1989}) 14. Bf1 Re8 15. Rac1 Qc7 16. Nd5 Qb8 17. Nd4 Nxd4 18. Bxd4 Bxd4+ 19. Qxd4 Ne6 20. Qe3 Nc7 21. Nc3 Rcd8 22. Qh6 e5 23. Nd5 (23. Rd3 $14) 23... Nxd5 $11 24. cxd5 Rc8 25. Bb5 Rxc1 26. Rxc1 Rc8 27. Bc6 Qa8 {[%cal Rb7c6]} 28. Bd7 (28. Bxb7 {seems wilder.} Qxb7 29. h4 Rxc1+ 30. Qxc1 Kg7 31. h5) 28... Rxc1+ 29. Qxc1 Qd8 30. Bh3 b5 31. Qe3 Qa5 32. a3 b4 33. Kf2 bxa3 34. Qxa3 Qb6+ 35. Kg3 a5 36. Bd7 ({White should play} 36. Qa4 $11) 36... Ba6 ({Better is} 36... Qd8 $1 $15 37. Qa4 Qg5+ 38. Kh3 Qh6+ 39. Kg3 Qf4+ 40. Kf2 Qd2+ 41. Kg3 Ba6) 37. Bc6 {The position is equal.} Qb4 (37... Bf1 {with more complications.} 38. Qc3 f5 39. exf5 gxf5 40. Bd7 f4+) 38. Qxb4 axb4 {[%mdl 4096] Endgame KB-KB} 39. Kf2 Kf8 40. Ke3 Ke7 41. h4 Kd8 42. g4 h6 43. g5 hxg5 44. hxg5 Ke7 45. Ba4 f6 46. gxf6+ Kxf6 47. Bc2 Kg5 48. Ba4 Kf6 49. Bd7 Kg5 50. Be6 Kf6 51. Bd7 Kg5 52. Be6 Bb5 53. Bc8 Kf6 54. Be6 Kg5 55. Bc8 Kf6 {Precision: White = 62%, Black = 77%.} 1/2-1/2

[Event "RUS-ch Rapid Men 2018"]
[Site "Sochi"]
[Date "2018.10.05"]
[Round "4"]
[White "Murzin, Volodar"]
[Black "Iljiushenok, Ilia"]
[Result "0-1"]
[WhiteElo "2340"]
[BlackElo "2539"]
[Annotator "TA"]
[PlyCount "98"]
[EventDate "2018.10.05"]
[EventType "swiss"]
[EventCountry "RUS"]
[SourceTitle "playchess.com"]
[Source "ChessBase"]
[SourceQuality "1"]

{[%evp 18,98,0,0,0,10,2,5,39,45,39,28,39,-17,16,-25,0,-29,5,0,0,0,25,32,45,0,0,0,0,0,0,-37,-14,-14,0,-14,0,-8,0,-19,-20,-19,-27,-26,-23,-45,-20,-31,-14,-7,0,0,0,-20,-23,-14,-15,-16,-19,-29,-6,-12,-10,-92,0,-82,-13,-42,-39,-47,0,0,11,0,0,0,0,0,357,-1209,-1176,-1168,-694]} 1. e4 {Ftacnik,L} c5 2. Nf3 e6 3. g3 Nc6 4. Bg2 Nf6 5. d3 d5 6. Nbd2 Be7 7. O-O O-O 8. Re1 Rb8 9. a4 a6 10. c3 b5 {C00: French: Unusual White 2nd moves} 11. axb5 axb5 12. exd5 $146 ({Predecessor:} 12. e5 Nd7 13. Nf1 Bb7 14. d4 Ra8 15. Rb1 b4 16. h4 Ra2 17. Ng5 Ba6 18. Be3 bxc3 19. bxc3 {1-0 (31) Sutovsky,E (2587)-Milov,V (2626) Polanica Zdroj 1999 CBM 073 [Ftacnik,L]}) 12... exd5 {The position is equal.} 13. Nb3 Bf5 14. Bf4 Ra8 15. Nh4 (15. Rxa8 $14 Qxa8 16. d4) 15... Be6 (15... Rxa1 {with more complications.} 16. Nxa1 Bg4 17. Qd2 Nh5 18. Nf3 Nxf4 19. Qxf4 Be6) 16. Nf3 Rxa1 17. Nxa1 h6 18. Nc2 Qb6 19. Ne5 Ra8 20. d4 c4 21. Nxc6 Qxc6 22. Be5 Nd7 23. Bf4 Bf8 24. Bc1 Nf6 25. Bf4 Nd7 26. h4 Nb6 27. Kh2 Qd7 28. Bc1 Ra2 29. Ne3 b4 30. cxb4 Bxb4 31. Re2 Bf8 32. f4 g6 33. h5 Bg7 34. Qc2 Kh7 35. Qb1 Ra7 36. hxg6+ fxg6 37. Bd2 Bxd4 38. Bc3 Bxc3 39. bxc3 Na4 40. Qe1 {[#]} (40. Nd1 $1 $11) 40... Nc5 {[#]} (40... Nxc3 $1 $17 {[%mdl 512]} 41. Nxd5 (41. Qxc3 d4) 41... Bxd5 42. Qxc3 Bxg2 43. Kxg2 Qc6+ 44. Kf2 h5) 41. Qg1 (41. Nxd5 $1 $11 {[%mdl 512]} Bxd5 42. Bxd5) 41... Rc7 ({Better is} 41... d4 $17 42. cxd4 Qxd4) 42. Rd2 {[%cal Re3d5]} Nd3 $36 {[%mdl 2048] Black is pushing.} 43. Nc2 Bf5 44. Qd4 Be4 45. Ne3 Bxg2 46. Kxg2 Qe6 47. Nxd5 Rf7 $2 {[%mdl 8192]} (47... Ne1+ $1 $11 {and Black stays safe.} 48. Kf2 Nd3+ 49. Kg2 (49. Rxd3 cxd3 50. Nxc7 Qe2+ 51. Kg1 d2 $11) 49... Ne1+ 50. Kf2 Nd3+ 51. Kg2 (51. Rxd3 cxd3 52. Nxc7 Qe2+ 53. Kg1 d2 $11)) 48. Ne3 $4 {[%mdl 8192]} (48. Qxc4 $18 Nc1 49. Rd1) 48... Rd7 $19 49. f5 Qc6+ {Precision: White = 45%, Black = 42%.} ({Weaker is} 49... Rxd4 50. fxe6 Re4 51. Nxc4 $11) 0-1

[Event "RUS-ch Rapid Men 2018"]
[Site "Sochi"]
[Date "2018.10.05"]
[Round "4"]
[White "Inozemtsev, Sergei"]
[Black "Panarin, Mikhail"]
[Result "1/2-1/2"]
[WhiteElo "2310"]
[BlackElo "2562"]
[Annotator "TA"]
[PlyCount "116"]
[EventDate "2018.10.05"]
[EventType "swiss"]
[EventCountry "RUS"]
[SourceTitle "playchess.com"]
[Source "ChessBase"]
[SourceQuality "1"]

{[%evp 13,116,27,27,17,29,20,31,32,31,23,21,11,18,21,33,26,46,12,16,13,25,31,37,24,48,36,41,14,62,71,56,57,78,49,69,44,52,48,83,62,100,48,48,48,48,48,48,48,59,12,108,106,112,75,83,33,32,33,26,28,35,17,26,7,67,9,91,85,101,101,101,101,118,112,148,49,41,51,44,16,8,0,0,0,0,0,9,16,135,9,9,9,9,0,9,9,9,9,9,0,0,0,16,0,14]} 1. e4 c5 2. Nf3 e6 3. g3 Nc6 4. Bg2 Nf6 5. Nc3 a6 6. O-O Qc7 7. Re1 {B40: Sicilian: 2...e6, Unusual lines} Be7 {LiveBook: 6 Games} (7... h5 8. d3 d6 9. Bg5 Ng4 10. Nh4 b5 11. h3 Nf6 12. Nf3 Bb7 13. a4 b4 14. Nb1 Nh7 {0-1 (54) Salgado Lopez,I (2627)-Cheparinov,I (2688) Minsk 2017 CBM 179 [Roiz,M]}) 8. e5 Ng4 {[%cal Rg4e5]} 9. Qe2 {White has an edge.} f6 10. exf6 Nxf6 11. d3 O-O 12. Ne4 d6 $146 ({Predecessor:} 12... Nxe4 13. dxe4 b5 14. e5 {½-½ (52) Kupreichik,V (2445)-Hansen,C (2520) Esbjerg 1988}) 13. c3 Bd7 14. d4 cxd4 15. cxd4 Nxe4 16. Qxe4 d5 17. Qe2 Bf6 18. Be3 Qb6 {[%cal Rc6d4]} 19. Rad1 Rac8 20. a3 Qb5 21. Qxb5 axb5 22. Bf4 h6 23. h4 Na5 24. Re2 Nc4 25. Bh3 {[%cal Bg2h3,Bh3g4,Bg4h5][%mdl 32]} Kf7 26. Kg2 Rfe8 27. Rd3 (27. g4 $16) 27... Ra8 $14 28. Bg4 Ra6 29. Bh5+ g6 30. Bg4 Kg7 31. Be5 Rc6 (31... Bxe5 $11 32. Nxe5 Nxe5 33. Rxe5 Ra4) 32. Bxf6+ $16 Kxf6 33. Rb3 (33. h5 {with more complications.} gxh5 34. Bxh5 Rg8 35. b3 Nd6 36. Ne5) 33... Rc7 34. Ne5 (34. Rc3 {keeps more tension.} Rcc8 35. Bh3 Re7 36. Ne5 Bc6 37. Nd3) 34... Nxe5 35. dxe5+ Ke7 36. Rd2 Rc5 37. Be2 $36 {[%mdl 2048] White has some pressure.} Bc6 38. Kh3 Ra8 (38... Rd8 $11) 39. Bd3 (39. f4 $14) 39... Be8 (39... g5 $11 {keeps the balance.}) 40. Rc2 Rac8 41. Rxc5 Rxc5 {[%mdl 4096] Endgame KRB-KRB} 42. Kg4 Kf7 43. Kf4 d4 44. Rb4 (44. Ke4 $16) 44... g5+ $1 $14 45. hxg5 hxg5+ 46. Kxg5 {[#] f4 is the strong threat.} Rxe5+ 47. Kg4 Rd5 48. f4 Bc6 49. Kf3 Re5+ 50. Kf2 Re3 (50... Rh5 $11) 51. Rxd4 (51. Be2 $16) 51... Rf3+ $11 {The position is equal.} 52. Ke2 {next Bxb5 is good for White.} Rxg3 53. Kd2 Kf6 54. Rb4 Rg2+ 55. Kc3 Rg3 56. Kd4 Rf3 57. Kc3 Ke7 58. Rd4 Bd5 {Precision: White = 45%, Black = 37%.} 1/2-1/2

[Event "RUS-ch Rapid Men 2018"]
[Site "Sochi"]
[Date "2018.10.05"]
[Round "4"]
[White "Chizhikov, Vladislav"]
[Black "Demidov, Mikhail"]
[Result "0-1"]
[WhiteElo "2304"]
[BlackElo "2514"]
[Annotator "TA"]
[PlyCount "23"]
[EventDate "2018.10.05"]
[EventType "swiss"]
[EventCountry "RUS"]
[SourceTitle "playchess.com"]
[Source "ChessBase"]
[SourceQuality "1"]

{[%evp 6,6,49]} 1. e4 Nf6 2. e5 Nd5 3. Nc3 c6 {Vorgänger:} 4. d4 $146 d6 5. f4 Bf5 6. Bd3 Qd7 7. a3 Nxc3 8. bxc3 Bxd3 9. Qxd3 Qg4 10. Nh3 Qxg2 11. Rg1 Qd5 12. c4 {1-0 (30) Dubov,D (2666)-Yuffa,D (2502) Kolomna 2016} 0-1

[Event "RUS-ch Rapid Men 2018"]
[Site "Sochi"]
[Date "2018.10.05"]
[Round "4"]
[White "Orlinkov, Maxim L."]
[Black "Lugovskoy, Maxim"]
[Result "1/2-1/2"]
[WhiteElo "2293"]
[BlackElo "2428"]
[Annotator "NA"]
[PlyCount "123"]
[EventDate "2018.10.05"]
[EventType "swiss"]
[EventCountry "RUS"]
[SourceTitle "playchess.com"]
[Source "ChessBase"]
[SourceQuality "1"]
[TimeControl "900+10"]

1. d4 {[%emt 0:00:00]} d5 {[%emt 0:00:00]} 2. Nf3 {[%emt 0:00:00]} e6 {[%emt 0:00:00]} 3. c4 {[%emt 0:00:01]} a6 {[%emt 0:00:00]} 4. e3 {[%emt 0:01:07]} Nf6 {[%emt 0:00:00]} 5. Nc3 {[%emt 0:00:20]} dxc4 {[%emt 0:00:02]} 6. Bxc4 {[%emt 0:00:26]} b5 {[%emt 0:00:01]} 7. Bb3 {[%emt 0:00:04]} Bb7 {[%emt 0:00:02]} 8. O-O {[%emt 0:00:11]} Nbd7 {[%emt 0:00:02]} 9. Qe2 {[%emt 0:00:19]} Bd6 {[%emt 0:00:07]} 10. Rd1 {[%emt 0:00:19]} Qe7 {[%emt 0:00:08]} 11. e4 {[%emt 0:01:23]} e5 {[%emt 0:00:22]} 12. dxe5 {[%emt 0:00:38]} Nxe5 {[%emt 0:00:04]} 13. Nd5 {[%emt 0:02:58]} Nxd5 {[%emt 0:00:10]} 14. Bxd5 {[%emt 0:00:04]} Bxd5 {[%emt 0:00:10]} 15. Rxd5 {[%emt 0:00:15]} Nxf3+ {[%emt 0:00:16]} 16. Qxf3 {[%emt 0:00:06]} O-O {[%emt 0:00:01]} 17. Bf4 {[%emt 0:00:47]} Bxf4 {[%emt 0:00:14]} 18. Qxf4 {[%emt 0:00:02]} c5 {[%emt 0:00:29]} 19. Rad1 {[%emt 0:00:32]} h6 {[%emt 0:00:09]} 20. Qe5 {[%emt 0:01:42]} Qxe5 {[%emt 0:00:09]} 21. Rxe5 {[%emt 0:00:02]} Rac8 {[%emt 0:00:02]} 22. Kf1 {[%emt 0:01:00]} c4 {[%emt 0:00:13]} 23. Rc1 {[%emt 0:01:12]} Rfd8 {[%emt 0:00:04]} 24. Ke2 {[%emt 0:00:26]} Rd6 {[%emt 0:00:31]} 25. Rc2 {[%emt 0:00:32]} Rcd8 {[%emt 0:00:05]} 26. a4 {[%emt 0:01:07]} b4 {[%emt 0:00:09]} 27. Rd5 {[%emt 0:01:38]} Rxd5 {[%emt 0:01:21]} 28. exd5 {[%emt 0:00:02]} Rxd5 {[%emt 0:00:02]} 29. Rxc4 {[%emt 0:00:05]} a5 {[%emt 0:00:01]} 30. Rc8+ {[%emt 0:00:44]} Kh7 {[%emt 0:00:01]} 31. Rb8 {[%emt 0:00:18]} Rd7 {[%emt 0:01:24]} 32. Rb5 {[%emt 0:00:13]} Ra7 {[%emt 0:00:01]} 33. f4 {[%emt 0:00:28]} Kg6 {[%emt 0:00:02]} 34. g4 {[%emt 0:00:20]} Kf6 {[%emt 0:00:06]} 35. h4 {[%emt 0:00:12]} Ke6 {[%emt 0:00:04]} 36. Ke3 {[%emt 0:00:21]} Kd6 {[%emt 0:00:18]} 37. h5 {[%emt 0:00:15]} Kc6 {[%emt 0:00:10]} 38. g5 {[%emt 0:00:16]} Re7+ {[%emt 0:00:07]} 39. Kf3 {[%emt 0:00:06]} Rd7 {[%emt 0:01:03]} 40. gxh6 {[%emt 0:00:30]} gxh6 {[%emt 0:00:02]} 41. Rxa5 {[%emt 0:00:08]} Rd2 {[%emt 0:00:01]} 42. Ra6+ {[%emt 0:00:08]} Kc5 {[%emt 0:00:16]} 43. Ke4 {[%emt 0:00:24]} Rxb2 {[%emt 0:00:04]} 44. Rxh6 {[%emt 0:00:05]} Rd2 {[%emt 0:00:35]} 45. a5 {[%emt 0:00:22]} b3 {[%emt 0:02:05]} 46. Rb6 {[%emt 0:00:17]} Rd4+ {[%emt 0:00:32]} 47. Ke3 {[%emt 0:00:08]} Rd5 {[%emt 0:01:17]} 48. h6 {[%emt 0:00:09]} Rh5 {[%emt 0:00:00]} 49. Rxb3 Rh3+ 50. Ke4 {[%emt 0:00:17]} Rxb3 {[%emt 0:00:02]} 51. Kf5 {[%emt 0:00:13]} Rg3 {[%emt 0:00:30]} 52. a6 {[%emt 0:00:15]} Kb6 {[%emt 0:00:59]} 53. a7 {[%emt 0:00:10]} Kxa7 {[%emt 0:00:42]} 54. Kf6 {[%emt 0:00:04]} Rg6+ {[%emt 0:01:34]} 55. Kxf7 {[%emt 0:00:02]} Rxh6 {[%emt 0:00:01]} 56. f5 {[%emt 0:00:05]} Kb6 {[%emt 0:00:09]} 57. f6 {[%emt 0:00:08]} Kc7 {[%emt 0:00:13]} 58. Ke7 {[%emt 0:00:19]} Rh1 {[%emt 0:01:31]} 59. f7 {[%emt 0:00:05]} Re1+ {[%emt 0:00:01]} 60. Kf6 {[%emt 0:00:02]} Rf1+ {[%emt 0:00:02]} 61. Ke7 {[%emt 0:00:02]} Rxf7+ {[%emt 0:00:40]} 62. Kxf7 1/2-1/2